Fortune

Na minha lista:
Detalhes bibliográficos
Formato: Periódico
Idioma:inglês
Publicado em: Amsterdam Time Warner Publ. 1997
Assuntos:
Tags: Adicionar Tag
Sem tags, seja o primeiro a adicionar uma tag!

MARC

LEADER 00000nas2a2200000 4500
001 s121656
005 20221221070309.1
022 |a 0738-5587 
041 0 |a eng 
044 |a NL 
245 1 0 |a Fortune 
264 1 |a Amsterdam  |b Time Warner Publ.  |c 1997 
300 |a 2 zv. 
500 |a Chýba 1-8 
773 0 |w eu_un_cat*s120711 
610 2 0 |a politika hospodárska 
610 2 0 |a rozvoj hospodársky 
610 2 0 |a riadenie podnikové